Statistics for The walking dead- Characters

Click here to take the quiz!

General Stats

  • This quiz has been taken 257 times
  • The average score is 28 of 43

Answer Stats

HintAnswer% Correct
AliveRick Grimes
100%
AliveCarl Grimes
98%
AliveDaryl Dixon
97%
AliveMaggie Rhee (Greene)
97%
DeadLori Grimes
96%
DeadBeth Greene
94%
DeadGlenn Rhee
94%
AliveCarol Peletier
90%
DeadHershel Greene
89%
DeadShane Walsh
89%
AliveNegan
85%
DeadAbraham Ford
82%
AliveMichonne
82%
DeadMerle Dixon
80%
DeadAndrea
79%
DeadSasha Williams
78%
DeadDale Horvath
77%
AliveEugene Porter
76%
AliveRosita Espinosa
75%
AliveTara Chambler
74%
DeadTyreese Williams
70%
DeadTheodore Douglas
67%
DeadSophia Peletier
65%
AliveMorgan Jones
63%
AliveSimon
61%
DeadBob Stokey
59%
AliveDwight
59%
DeadDeanna Monroe
58%
AliveAaron
56%
Alive(King) Ezekiel
55%
AlivePaul Rovia (Jesus)
55%
DeadPhilip Blake
55%
DeadSpencer Monroe
55%
AliveEnid
52%
AliveGabriel Stokes
52%
DeadNoah
46%
DeadJessie Anderson
43%
AliveGregory
40%
AliveJerry
38%
AliveShiva
27%
AliveJadis
24%
AliveBenjamin
15%
DeadGarreth
2%

Score Distribution

Percentile by Number Answered

Percent of People with Each Score

Your Score History

You have not taken this quiz